000 00846nas a2200289Ia 4500
001 67
003 CO-MdFUSB
005 20170405164629.0
008 151030s9999 cr 000 0 s d
037 _bDesarrollo Cristiano Internacional
040 _bspa
_cCO-MdFUSB
_dCO-MdFUSB
_erda
041 0 _aspa
_hspa
245 1 0 _aTemas de la Vida Cristiana
_cDesarrollo Cristiano Internacional
260 _aSan José
264 _aCosta Rica :
_bDesarrollo Cristiano Internacional
300 _aVolumen 4 - 5
_c27 cm.
310 _aNo aplica
_b1996
336 _2rdacontent
_a1
_ba1
337 _2rdamedia
_a2
_b5
338 _a2
362 _a1996
546 _aTexto en español
650 _vPublicaciones seriadas
773 _dSab José, Costa Rica : Desarrollo Cristiano Internacional 1996
810 _hRevista
942 _cCR
_2ddc
_a3
999 _c49444
_d49444